الدساتير : (Record no. 24769)

MARC details
000 -الفاتح
حقل البيانات ثابتة الطول 00805nam a22002415a 4500
003 - محدد رقم الضبط
رقم الضبط OSt
005 - وقت وتاريخ اخر تعامل مع التسجيلة
رقم الضبط 20170507143534.0
008 - عناصر البيانات ثابتة الطول - معلومات عامة
حقل البيانات ثابتة الطول 160828s2016 ua frb 000 0 ara d
015 ## -
-- 2015 / 20513
020 ## - الرقم الدولى المعيارى للكتب
الرقم الدولى المعيارى للكتاب 9789770479070
040 ## - مصدر الفهرسة
وكالة الفهرسة الأصلية EG-ScBUE
لغة الفهرسة ara
وكالة النسخ EG-ScBUE
وكالة التعديل EG-ScBUE
082 04 - رقم تصنيف ديوى العشرى
رقم الطبعة 22
رقم التصنيف 342
رقم المادة د ر و
100 1# - المدخل الرئيسى - إسم شخصى
الإسم الشخصى درويش، إبراهيم.
245 12 - بيان العنوان
العنوان الدساتير :
بقية العنوان المبادئ والصناعة /
بيان المسئوليه,etc إبراهيم درويش.
260 ## - PUBLICATION, DISTRIBUTION, ETC. (IMPRINT)
مكان الناشر او الموزع القاهرة :
اسم الناشر او الموزع دار النهضة العربية،
تاريخ النشر أو التوزيع 2016.
300 ## - الوصف المادى
التعداد 321 ص. ؛
أبعاد الوعاء 24 سم.
504 ## - تبصرة ببليوجرافية
تبصرة ببليوجرافية,الخ يشتمل على إرجاعات ببليوجرافية.
650 #7 - المدخل الاضافى بالموضوع-مصطلح موضوعى
مصدر الرأس أو المصطلح BUEsh
مصطلح موضوعي أو اسم جغرافي كعنصر مدخل الدساتير.
650 #7 - المدخل الاضافى بالموضوع-مصطلح موضوعى
مصدر الرأس أو المصطلح BUEsh
مصطلح موضوعي أو اسم جغرافي كعنصر مدخل القانون الدستوري.
9 (RLIN) 40921
651 ## - المدخل الاضافى بالموضوع - اسم جغرافى
مصدر الرأس أو المصطلح BUEsh
653 ## - مصطلح تكشيفى غير مقيد
Resource For college Law
Arrived date list May2017
942 ## - عناصر المدخل الإضافي( كوها)
مصدر التصنيف او مخطط الترفيف Dewey Decimal Classification
Holdings
حالة التراجع حالة الفقد مصدر التصنيف او خطة الترفيف حالة تلف ليس للاعارة مجموعات كوها المكان الدائم المكان الحالي موقع الترفيف تاريخ الاكتساب Source of acquisition سعر الشراء الطبيعي تعداد مسلسل / التسلسل الزمني رقم الاستدعاء الباركود Date last seen مُعار التكلفة نوع الوعاء تحديد مواد ( مجلدات مجمعه أو جزء أخر)
    Dewey Decimal Classification     Scientific_Group Central Library Central Library First floor 03/05/2017 Purchase 90.00 666 342 د ر و 000041771 15/07/2025 12/11/2023 112.50 Book - Borrowing  
  Lost Dewey Decimal Classification     Scientific_Group Central Library Central Library First floor 07/05/2017 Purchase 90.00 666 342 د ر و 000041808 13/12/2022 11/12/2022 112.50 Book - Borrowing Lost_In_Inventory_12-2-2024